| 000 | 00548nam a22001817a 4500 | ||
|---|---|---|---|
| 005 | 20231114071450.0 | ||
| 008 | 231114b |||||||| |||| 00| 0 eng d | ||
| 020 | _a0702137731 | ||
| 041 | _aEnglish | ||
| 082 | _a345 SOU | ||
| 100 |
_aMilton, JRL _lEnglish |
||
| 245 |
_aSouth African Criminal Law and Procedure / _cJRL Milton |
||
| 250 | _aThird Edition | ||
| 260 |
_aCape Town : _bJuta and Company Ltd, _c1996 |
||
| 300 |
_blxxviii, 849 pages ; _c26 cm. |
||
| 650 |
_aLegal practice _bLaw |
||
| 942 |
_cBK _6ALISON_BN_VRIES |
||
| 999 |
_c600 _d600 |
||